|
|
|
|
| LEADER |
00000nam0a2200000 4500 |
| 001 |
83796 |
| 005 |
20231031100334.0 |
| 010 |
|
|
|a 5274005152
|
| 020 |
|
|
|a RU
|b 90-2043
|
| 035 |
|
|
|a (RuTPU)RU\TPU\book\90096
|
| 090 |
|
|
|a 83796
|
| 100 |
|
|
|a 20051021d1989 m a0rusy5003 ca
|
| 101 |
0 |
|
|a rus
|
| 102 |
|
|
|a RU
|
| 105 |
|
|
|a a z 001zy
|
| 200 |
1 |
|
|a Убежища гражданской обороны
|e Конструкции и расчет
|f В. А. Котляревский, В. И. Ганушкин, А. А. Костин и др.
|g Под ред. В. А. Котляревского
|
| 210 |
|
|
|a Москва
|c Стройиздат
|d 1989
|
| 215 |
|
|
|a 605,[1] с.
|c ил.
|d 22 см
|
| 320 |
|
|
|a Библиогр.: с. 592-603
|
| 610 |
1 |
|
|a гражданская оборона
|
| 610 |
1 |
|
|a убежища
|
| 610 |
1 |
|
|a конструкции
|
| 610 |
1 |
|
|a расчет
|
| 610 |
1 |
|
|a динамические нагрузки
|
| 610 |
1 |
|
|a требования
|
| 610 |
1 |
|
|a автоматизированные расчеты
|
| 610 |
1 |
|
|a изгиб
|
| 610 |
1 |
|
|a деформации
|
| 610 |
1 |
|
|a сжатие
|
| 675 |
|
|
|a 699.85
|z rus
|
| 702 |
|
1 |
|a Котляревский
|b Владимир Абрамович
|4 070
|
| 702 |
|
1 |
|a Ганушкин
|b В. И.
|4 070
|
| 702 |
|
1 |
|a Костин
|b А. А.
|4 070
|
| 801 |
|
0 |
|a RU
|b RuMRKP
|c 19950417
|g psbo
|
| 801 |
|
1 |
|a RU
|b 63413507
|c 20051021
|g PSBO
|
| 801 |
|
2 |
|a RU
|b 63413507
|c 20051221
|g PSBO
|
| 942 |
|
|
|c BK
|